[Event "Saarland-ch C"]
[Site "Schiffweiler"]
[Date "2009.04.08"]
[Round "6"]
[White "Schirra, Dustin"]
[Black "Weiland, Gerd"]
[Result "1-0"]
[WhiteElo "1112"]
[BlackElo "960"]
[PlyCount "181"]
[EventDate "2009.04.03"]
[EventType "swiss"]
[EventRounds "9"]
[EventCountry "GER"]
[SourceTitle "EXT 2012"]
[Source "ChessBase"]
[SourceDate "2011.11.24"]
[SourceVersion "1"]
[SourceVersionDate "2011.11.24"]
[SourceQuality "1"]

1. b4 e5 2. Bb2 Bxb4 3. Bxe5 f6 4. Bb2 Ne7 5. a3 Ba5 6. Nf3 Nbc6 7. e3 d5 8. Be2 Nf5 9. 0-0 Qd6 10. d3 Be6 11. e4 Nfe7 12. Bc3 d4 13. Bxa5 Nxa5 14. c3 Nec6 15. cxd4 Nxd4 16. Qa4+ Ndc6 17. Nbd2 Bd7 18. Rac1 b6 19. Rc3 Ne5 20. Qd4 Nxf3+ 21. Nxf3 Qxd4 22. Nxd4 Rc8 23. Rfc1 c6 24. Nf5 Bxf5 25. exf5 g6 26. fxg6 hxg6 27. Bf3 c5 28. d4 c4 29. Bd5 b5 30. Re1+ Kf8 31. Re6 Kg7 32. Ra6 Rc7 33. Rxa5 Rd8 34. Rxb5 Re7 35. g3 f5 36. Rxc4 Re1+ 37. Kg2 Kh6 38. Bf3 Ra1 39. Ra5 Re8 40. Rxa7 Ree1 41. Rac7 Rg1+ 42. Kh3 Raf1 43. Rc2 Ra1 44. Ra7 Rab1 45. Rb7 Ra1 46. Rb3 Kg5 47. Rd2 Rac1 48. Rbd3 Rc8 49. Bh5 Rh8 50. f4+ Kxh5 51. Rd1 Rxd1 52. Rxd1 g5 53. fxg5 Kxg5+ 54. Kg2 Ra8 55. Rd3 Re8 56. Kf3 Rf8 57. d5 Re8 58. d6 Rd8 59. d7 Kf6 60. Kf4 Ke7 61. Kxf5 Rf8+ 62. Kg6 Kd8 63. h4 Rg8+ 64. Kf7 Rh8 65. a4 Rh7+ 66. Kg6 Re7 67. Kf6 Rh7 68. a5 Rh5 69. Ke6 Rxa5 70. Rf3 Ra6+ 71. Ke5 Kxd7 72. Kf5 Ke7 73. Kg4 Ra4+ 74. Kh3 Ra1 75. h5 Rh1+ 76. Kg4 Rh2 77. Kg5 Rd2 78. h6 Rd8 79. Kg6 Rg8+ 80. Kh7 Rf8 81. Rxf8 Kxf8 82. g4 Kf7 83. g5 Kf8 84. g6 Ke7 85. g7 Kf6 86. g8R Kf7 87. Rg1 Kf8 88. Rg7 Ke8 89. Kg6 Kf8 90. h7 Ke8 91. h8Q# 1-0

[Event "GER-chT WK U18 4th"]
[Site "Kiel"]
[Date "2008.05.31"]
[Round "2.4"]
[White "Aghamoradi, Shervin"]
[Black "Schirra, Dustin"]
[Result "0-1"]
[WhiteElo "800"]
[BlackElo "1040"]
[PlyCount "100"]
[EventDate "2008.05.31"]
[EventType "team-swiss"]
[EventRounds "7"]
[EventCountry "GER"]
[SourceTitle "EXT 2010"]
[Source "ChessBase"]
[SourceDate "2010.11.25"]
[SourceVersion "1"]
[SourceVersionDate "2010.11.25"]
[SourceQuality "1"]

1. e4 e5 2. Nf3 Nc6 3. Nc3 Bc5 4. Bc4 Nf6 5. d3 Ng4 6. Bg5 Ne7 7. Nd5 0-0 8. Bh4 c6 9. Nxe7+ Bxe7 10. h3 d5 11. Bb3 Bxh4 12. g3 Nxf2 13. Kxf2 Qb6+ 14. d4 Bf6 15. c4 dxe4 16. c5 Qc7 17. Nd2 exd4 18. Nxe4 Qe5 19. Bc2 Bf5 20. Re1 Bxh3 21. Rh1 Qf5+ 22. Ke1 Bg2 23. Rh5 Qg6 24. Nd6 Qxg3+ 25. Kd2 Bg5+ 26. Rxg5 Qxg5+ 27. Kd3 Qxc5 28. Nxb7 Qb5+ 29. Kxd4 Qxb7 30. Qd3 Rad8+ 31. Ke3 Rxd3+ 32. Bxd3 Qxb2 33. Rg1 Qb6+ 34. Ke2 Qxg1 35. Kd2 Qf2+ 36. Kc3 Rd8 37. Bc4 Bd5 38. Bd3 Qxa2 39. Kb4 c5+ 40. Kxc5 Bh1 41. Bc4 Qb2 42. Ba6 Qc2+ 43. Bc4 Bd5 44. Kd4 Bxc4+ 45. Ke5 Qe2+ 46. Kf5 Re8 47. Kf4 Qf2+ 48. Kg4 Re6 49. Kg5 Rg6+ 50. Kh5 Qh2# 0-1

[Event "GER-chT WK U18 4th"]
[Site "Kiel"]
[Date "2008.05.31"]
[Round "1.4"]
[White "Schirra, Dustin"]
[Black "Walkowiak, Patrick"]
[Result "1-0"]
[WhiteElo "1040"]
[BlackElo "777"]
[PlyCount "77"]
[EventDate "2008.05.31"]
[EventType "team-swiss"]
[EventRounds "7"]
[EventCountry "GER"]
[SourceTitle "EXT 2010"]
[Source "ChessBase"]
[SourceDate "2010.11.25"]
[SourceVersion "1"]
[SourceVersionDate "2010.11.25"]
[SourceQuality "1"]

1. e4 e5 2. Nf3 Nc6 3. Bc4 Bc5 4. Nc3 Nf6 5. Ng5 0-0 6. Nxf7 Rxf7 7. Bxf7+ Kxf7 8. 0-0 d6 9. d3 Bg4 10. Qd2 a6 11. Qg5 h6 12. Qh4 g5 13. Qxh6 Qg8 14. Bxg5 Qg7 15. Qxf6+ Qxf6 16. Bxf6 Kxf6 17. Nd5+ Kf7 18. Nxc7 Rf8 19. Nd5 Kg7 20. Ne3 Bh5 21. Nf5+ Kg6 22. Rab1 Nd4 23. Nxd4 Bxd4 24. c3 Ba7 25. Rbe1 b6 26. d4 b5 27. Re3 exd4 28. cxd4 Bxd4 29. Rd3 Be2 30. Rxd4 Bxf1 31. Kxf1 Rd8 32. e5 Kf7 33. f4 d5 34. h4 a5 35. h5 a4 36. b3 axb3 37. axb3 Rb8 38. h6 b4 39. Rxd5 1-0